000 00660nam a2200205 i 4500
001 36619
003 ES-MaACL
005 20230906155414.0
007 t|
008 030218s1975 sp ||||1| spa d
100 1 _aBrown, Michael Barratt.
_932015
245 1 3 _aLa teoría económica del imperialismo /
_cMichael Barratt Brown ; versión española de Blanca Paredes.
260 _a[Madrid] :
_bAlianza,
_c[1975]
300 _a379 p. ;
_c20 cm.
490 1 _aAlianza universidad ;
_vv. 139
700 1 _aParedes Larrucea, Blanca.
_989047
830 0 _aAlianza universidad ;
_vv. 139
_9177276
852 _aES-MaACL
_jE-8902
_bR.93287
999 _c36619
_d36619